000 00633nam a22002174a 4500
001 UByD004058
003 AR-LpoUNG
005 20260114170144.0
008 250610s1983||||ag 000|1 spa d
040 _aAR-LpoUNG
_bspa
_cAR-LpoUNG
_eaacr
041 0 _aspa
082 0 _aA863 18cau
100 1 _aEcheverría, Esteban
245 1 3 _aLa cautiva :
_bEl matadero
260 _aBuenos Aires :
_bAbril,
_c1983.
300 _a121 p.
500 _aCon prólogo a El Matadero de Juan María Gutiérrez.
650 4 _aLiteratura argentina
942 _cLIB
_2ddc
999 _c66773
_d66773